| 000 | 00762nam a2200205 a 4500 | ||
|---|---|---|---|
| 008 | 071212s1999 ||||||||||||||||| || u | ||
| 020 | _a0860175138 | ||
| 050 | _aTA 403.6 Cov | ||
| 100 | _aHillier, Claire | ||
| 245 | 1 | 4 |
_aThe reclaimed and recycled construction materials handbook _cStuart Convetry; Claire Wooveridge; Shaun Hillier |
| 260 |
_aLondon _bCIRIA _c1999 |
||
| 300 | _axxii, 186p.: ill. | ||
| 350 | _a0.00 | ||
| 650 | _aCONSTRUCTION | ||
| 650 | _aBUILDING MATERIALS | ||
| 650 | _aRECYCLING (WASTE, ETC.) | ||
| 700 | _aConvetry, Stuart | ||
| 700 | _aWooveridge, Claire | ||
| 995 |
_D0.00 _FCBU-MAIN LIBRARY (Kitwe) _H1 _I0.00 _M1 _UAVAILABLE _WDec 12, 2007 _ZMain Library Open Access Collection |
||
| 999 |
_c55751 _d55751 |
||